| 000 | 00481nam a22001697a 4500 | ||
|---|---|---|---|
| 005 | 20231122063216.0 | ||
| 008 | 231122b |||||||| |||| 00| 0 eng d | ||
| 020 | _a999112408 X | ||
| 041 | _aEnglish | ||
| 082 | _a342 MAQ | ||
| 100 |
_aMaqutu, WCM _lEnglish |
||
| 245 |
_aContemporary Constitutional History of Lesotho / _cWCM Maqutu |
||
| 260 | _c1990 | ||
| 300 |
_biv, 241 pages ; _c21,5 cm. |
||
| 650 |
_aLegal practice _bLaw |
||
| 942 |
_cBK _6ALISON_BN_VRIES |
||
| 999 |
_c856 _d856 |
||